00509cam a22001812i 4500001001800000003000700018005001700025008004100042020003800083040002000121042000900141050001100150082001100161245008800172250001100260260003800271300001800309978-626-98805-4-6YEEZEN20250313153042.0241011s2024 ch e 000 0 chi d a9786269880546q(平裝) :cNT$600 aISBNbchicISBN anbic a415.85 a415.8510a台灣RCA 2.0根本原因分析手冊 /c王興中, 呂立, 吳永隆, 洪聖惠作 a初版 a新北市 :b醫策會, c2025.01 a面 ;c公分